Estudio prc̀tico del prc̀tico del ISR e IVA de bienes inmuebles para personas fs̕icas 2020

Detalles Bibliográficos
Autor principal: Da̕z Castrejn̤, Benjamn̕
Formato: eBook
Lenguaje:español
Publicado: Ciudad de Mx̌ico: Ediciones Fiscales ISEF, 2020
Materias:
Acceso en línea:Acceso restringido

MARC

LEADER 00000nam a22000007a 4500
005 20210111225015.0
007 cr|||| ||||
008 210111s2020 mx |||||s|||| 00||0 spa d
020 |a 978-607-541-222-1 
035 |a 32531 
040 |a vLex 
090 |c 11073  |d 11073 
100 1 |a Da̕z Castrejn̤, Benjamn̕ 
245 1 0 |a Estudio prc̀tico del prc̀tico del ISR e IVA de bienes inmuebles para personas fs̕icas 2020  |h [Recurso electrn̤ico] /  |c Benjamn̕ Da̕z Castrejn̤ 
256 |a Servicio en ln̕ea 
260 |a Ciudad de Mx̌ico:  |b Ediciones Fiscales ISEF,  |c 2020 
300 |a 1 recurso electrn̤ico 
506 1 |a Disponible solo en los productos indicados  |d vLex Global  |d vLex Global (Academic Edition, excluding Law Schools)  |d vLex Global (U.S. Academic Edition, Law Schools)  |d vLex Global (U.S. Academic Edition, excluding Law Schools)  |d vLex Global (Academic Edition, Law Schools) 
650 0 4 |a Derecho Fiscal  |z Mx̌ico 
740 0 |a vLex Libros (Servicio en ln̕ea) 
856 4 0 |u http://vlex.com/source/estudio-practico-practico-isr-iva-bienes-inmuebles-personas-fisicas-2020-32531  |z Acceso restringido 
942 |c BOOK 
999 0 |a Tax Law